Hospodárnosť využívania štrukturálnych fondov bakalárska práca

Guardado en:
Detalles Bibliográficos
Autor principal: Babóšová, Erika
Autor Corporativo: Národohospodárska fakulta EU. Katedra verejnej správy a regionálneho rozvoja
Otros Autores: Parízková, Jana
Formato: Libro
Lenguaje:eslovaco
Publicado: Bratislava 2013
Etiquetas: Agregar Etiqueta
Sin Etiquetas, Sea el primero en etiquetar este registro!

MARC

LEADER 00000nbm a2200000 4500
001 0176135
005 20170209090312.8
041 0 |a slo 
044 |a SK 
245 1 0 |a Hospodárnosť využívania štrukturálnych fondov  |b bakalárska práca  |c Erika Babóšová ; školiteľ: Jana Parízková 
264 1 |a Bratislava  |c 2013 
300 |a 52 s. 
100 1 |a Babóšová, Erika 
700 1 |a Parízková, Jana 
710 2 |a Národohospodárska fakulta EU. Katedra verejnej správy a regionálneho rozvoja